000
00219 a2200097 4500
001
35027
100
_a
Batly Michael
245
_a
Micro computer Graphics
260
_a
London
_b
Chapman & Hall
_c
090
_c
23175
_d
23175
942
_a
NUST-CAE
_c
M
_c
14642
999
_c
270100
_d
270100